[Event "Donau op 03rd"]
[Site "Aschach"]
[Date "1994.??.??"]
[Round "?"]
[White "Loginov, Valery A"]
[Black "Lauber, W."]
[Result "1-0"]
[WhiteElo "2540"]
[BlackElo "1825"]
[PlyCount "71"]
[EventDate "1994.12.??"]
[EventType "swiss"]
[EventRounds "7"]
[EventCountry "AUT"]
[SourceTitle "EXT 1997"]
[Source "ChessBase"]
[SourceDate "1996.11.15"]
[SourceVersion "1"]
[SourceVersionDate "1996.11.15"]
[SourceQuality "1"]

1. Nf3 d5 2. g3 Nf6 3. Bg2 c5 4. 0-0 e6 5. d3 Be7 6. Nbd2 0-0 7. e4 dxe4 8. dxe4 Bd7 9. e5 Nd5 10. Ne4 f5 11. exf6 Nxf6 12. Ne5 Qc8 13. Nxf6+ Bxf6 14. Nxd7 Qxd7 15. c3 Rd8 16. Be3 Na6 17. Qb3 Rab8 18. Bf4 Nc7 19. Rad1 Qe7 20. Rxd8+ Qxd8 21. Rd1 Qe7 22. Bd6 Qf7 23. Bxc5 b6 24. Be3 Rd8 25. Rxd8+ Bxd8 26. c4 Qd7 27. c5 Nd5 28. Bxd5 exd5 29. cxb6 axb6 30. Bxb6 Bxb6 31. Qxb6 d4 32. Qb3+ Kf8 33. Qd3 Kf7 34. b4 Kf6 35. a4 Ke5 36. Qb5+ 1-0